Curso de análise

محفوظ في:
التفاصيل البيبلوغرافية
المؤلف الرئيسي: Lima, Elon Lages (autor)
التنسيق: كتاب
اللغة:البرتغالية
منشور في: Río de Janeiro Instituto de Matemática Pura e Aplicada 1976
سلاسل:Proyecto Euclides
الموضوعات:
الوسوم: إضافة وسم
لا توجد وسوم, كن أول من يضع وسما على هذه التسجيلة!

MARC

LEADER 00000nam a2200000 a 4500
001 UCQ8937
003 CL-VaPUC
008 981217e19760000BL |||||||||||||||||por|d
082 0 4 |a 515  |b LIM  |2 21 
100 |a Lima, Elon Lages  |e autor  |9 601659 
245 1 0 |a Curso de análise 
300 |a 2 v 
942 |c BK 
945 |d 19981217 00:00:00  |a crobeson 
260 |a Río de Janeiro  |b Instituto de Matemática Pura e Aplicada  |c 1976 
650 0 |a Cálculo  |9 260234 
650 0 |a Análisis matemático   |9 260146 
583 |a last modification  |c 19981217 00:00:00  |k Rodrigo Vera 
490 0 |a Proyecto Euclides 
999 |c 278102  |d 278100 
952 |0 0  |1 0  |2 ddc  |4 0  |6 515_000000000000000_LIM_1976  |7 0  |8 A  |9 316454  |a BIBMAT  |b BIBMAT  |d 2019-11-20  |h v.1  |i 3361764  |o 515 LIM 1976  |p 3361764  |r 2025-01-07  |w 2019-11-20  |y BK  |k MAT